LEADER 01607nam a2200373 u 4500 001 000000058288 003 CaOOAMICUS 005 20070226120657.0 008 010530s1976 it f u000 u ita u 020 $a8802026564 (v. 1) 035 $a10890988 040 $aPUL(R)$bita 041 1 $aita$hlat 100 1 $aCicero, Marcus Tullius,$d106-43 a.C.$0(OLS)http://pul/name/553 240 10$aGruppi, scelte$9(Cicero, Marcus Tullius, 106-43 a.C.).$lItaliano e latino.$0(OLS)http://pul/title/78069 245 10$aOpere retoriche /$cdi Marco Tullio Cicerone ; a cura di Giuseppe Norcio. 260 $aTorino :$bUnione Tipografico-Editrice Torinese,$c1976- 300 $a<1> v. :$btav. ;$c24 cm 490 1 $aClassici latini ;$v23 490 1 $aClassici UTET ;$v23 500 $aTesto latino a fronte. 504 $aContiene bibliografia e indici. 505 1 $av.1. Oratore, Brutus, Orator. 700 1 $aNorcio, Giuseppe.$0(OLS)http://pul/name/6666 830 0$aClassici UTET ;$v23.$0(OLS)http://pul/title/1243 830 0$aClassici latini (UTET) ;$v23.$0(OLS)http://pul/title/2304 850 $aPUL 852 $aPUL$W1$xDP1 Cons. Gen., Altre Classi 1$y22$m844 F 23$j184758$qStampati$B187952$CPULBib$Z2$F187952 $H73045 $82 900 $aCicerone, Marco Tullio,$d106-43 a.C.$9553 900 $aCicerone,$d106-43 a.C.$9553 941 1 $a8 996 $6020$a8802026564 (v. 1)$9(OLS)http://pul/number/73840 996 $6245$aOpere retoriche$9(OLS)http://pul/title/78070 996 $6260$aTorino :$bUnione Tipografico-Editrice Torinese$9(OLS)http://pul/publisher/48798 LEADER 01165nam a2200277 a 4500 001 000000173146 003 CaOOAMICUS 005 20200203153223.0 008 200203s2008 sp u000 u spa r 020 $a978-84-350-2722-9* 032 $aLibriCat 040 $aPUL$bita 100 1 $aFerrater Mora, José.$0(OLS)http://pul/name/43423 245 10$aDiccionario de filosofía /$cJosé Ferrater Mora ; texto preparado por Eduardo Garcia Belsunce y Ezequiel de Olaso. 260 $aBarcelona :$bEdhasa,$c2008. 500 $aContiene indici. 650 4$aFilosofia$xEnciclopedie e dizionari.$0(OLS)http://pul/subject/7761 700 1 $aOlaso, Ezequiel de.$0(OLS)http://pul/name/111219 700 1 $aGarcia Belsunce, Eduardo.$0(OLS)http://pul/name/111218 850 $aPUL 852 $aPUL$W1$xSL Filosofia 3$y81$m103 MORJO 1$j197119$qDDC 21$B201908$CPULBib$Z2$F201908 $H133928 $82 941 1 $a9 996 $6020$a978-84-350-2722-9*$9(OLS)http://pul/number/167138 996 $6245$aDiccionario de filosofía$9(OLS)http://pul/title/85560 996 $6260$aBarcelona :$bEdhasa$9(OLS)http://pul/publisher/71354